00435nam a2200157Ia 4500008004100000020000700041082001700048100002000065245007000085250000900155260003700164300001700201500001900218600002000237650002000257240925s9999 xx 000 0 und d aNA a382.6029 JAM aNot - Available 0aJamals Yellow Pages of Pakistan 2015: industrial/commercial guide a32nd aKarachi:bUS Publicationc,2015. a167p.b0fNA aIncludes Index aSocial Sciences aSocial Sciences